000 01682cam a22003737a 4500
001 593
005 20250409155119.0
020 _a9780062042132 (hrd.)
020 _a0062042130 (hrd.)
020 _a9780062042125 (pbk.)
020 _a0062042122 (pbk.)
020 _a9780329942991 (FollettBound)
020 _a0329942999 (FollettBound)
040 _aUKMGB
_beng
_cUKMGB
_dBTCTA
_dBDX
_dNYP
_dJQM
_dABG
_dCGP
_dDAD
_dIEP
_dDLC
_dFISKH
050 0 0 _aPZ7.G9846
_bMay 2012
082 0 4 _a813.6
_223
100 1 _aGutman, Dan.
245 1 0 _aMayor Hubble is in trouble! /
_cDan Gutman ; pictures by Jim Paillot.
250 _a1st ed.
260 _aNew York :
_bHarper,
_c2012.
300 _a106 pages :
_billustrations ;
_c20 cm.
490 0 _aMy weirder school ;
_v#6
505 0 _aK
505 0 _aThe return of Mr. Wiggles -- The shut-up peace sign -- Rule the school -- Super secret strategy session -- Yuck! Kissing! Gross! -- On the stump -- How to wash a ferret -- The great debate -- Playing hardball -- Signs of trouble -- And the winner is... -- The runoff.
520 _aElection day is right around the corner, and guess who's running for class president? A.J. and Andrea! Mayor Hubble is going to teach the kids all the ins and outs of politics, and every vote counts. Who's going to win? Who's going to lose? And who's going to kiss a baby? Ew, gross!
521 1 _a580
_bLexile
521 1 _aK
_bRaz-Plus
650 0 _aStudent government
_xElections
_vJuvenile fiction.
650 0 _aSchools
_vJuvenile fiction.
655 0 _aHumorous stories.
700 1 _aPaillot, Jim.
_eillustrator
906 _a7
_bcbc
_ccopycat
_d2
_encip
_f20
_gy-gencatlg
942 _2ddc
_cBK
_n0
999 _c593
_d593